Statistiques concernant Quiz sur les chemins de St-Jacques-de-Compostelle

Cliquez ici pour prendre le quiz!

Statistiques générales

  • Ce quiz a été pris 34 fois
  • Le résultat moyen est 9 sur 20

Statistiques - réponses

IndiceRéponse% Correct
Symbole attribut de Saint Jacques dont le dessin jalonne tous les itinéraires vers CompostelleCoquille Saint-Jacques
96%
Région espagnole dont Saint-Jacques-de-Compostelle est la capitaleGalice
79%
Principal point de départ du "Camino Portugués"Lisbonne
61%
Sanctuaire marial et ville de départ de la "Via Podiensis", la plus fréquentée des voies françaisesLe-Puy-en-Velay
57%
Nom espagnol du principal itinéraire reliant la frontière française à Saint-Jacques, emprunté par près de 200 000 personnes chaque annéeCamino francés
54%
Ce magnifique village basque vers lequel convergent les trois voies précédentes est la dernière étape avant le franchissement des PyrénéesSaint-Jean-Pied-de-Port
54%
Ville Provençale constituant le départ de la "Via Tolosana", dernier des quatre chemins français traditionnelsArles
46%
Autre ville traversée par ledit chemin, célèbre pour sa magnifique cathédrale abritant le tombeau du CidBurgos
46%
Promontoire de granite situé à l'extrême ouest de cette région, considéré comme le "bout du Monde" au Moyen-âge, ultime étape pour de nombreux pèlerinsCap Finisterre
46%
Ville traversée par ce dernier, ayant donné son nom à l'un des anciens royaumes constituant l'Espagne médiévaleLeón
43%
Les pèlerins parisiens suivant la "Via Turonensis" font étape dans cette ville, abritant le tombeau de Saint MartinTours
43%
Village bourguignon renommé pour sa grande basilique romane Sainte-Marie-Madeleine, point de départ de la "Via Lemovicensis"Vézelay
43%
Capitale historique du Pays Basque, traversée par le "camino navarro" au sud des PyrénéesPampelune
39%
Village espagnol ayant donné son nom au col mythique par lequel les pèlerins venus de France traversent les Pyrénées, et où le chevalier Roland trouva la mortRoncevaux
39%
Les pèlerins venant de Séville en suivant la "Via de la plata" traversent cette ville, connue pour abriter l'une des plus anciennes universités du MondeSalamanque
36%
Nom de la côte nord de l'Espagne, que longe le "Camino del Norte"Côte cantabrique
25%
Vaste plaine d'altitude contenant ces deux dernières villes, redoutée par les pèlerins pour sa monotonie et sa rudesseMeseta
21%
Ville depuis laquelle le roi Alphonse II des Asturies effectua au IXème siècle le premier pèlerinage vers les reliques du saint fraîchement découvertes, par ce qui est devenu le "Camino Primitivo"Oviedo
18%
Interjection latine signifiant littéralement "plus outre", cri d'allégresse et d'encouragement lancé par les pèlerinsUltreïa
11%
Petite ville au sud de Saint-Jacques traversée par ce chemin, où se trouve la supposée pierre d'arrimage de l'embarcation du saint, également réputée pour ses piments verts connus dans toute l'EspagnePadrón
7%

Distribution des résultats

Percentile par nombre de réponses

% des personnes avec chaque résultat

Votre développement - résultats

Vous n’avez pas pris ce quiz